000 00306nam a2200133Ia 4500
008 231129s1974||||xx |||||||||||||| ||spa||
040 _bspa
082 _a938 D328hi
100 _aDekonski A.
245 0 _aHistoria de la antiguedad : Grecia
260 _c1974
264 _aGrijalbo
942 _2ddc
_cBKS
999 _c15088
_d15088